01486nam a2200181Ia 4500001001300000003001000013008004100023040002500064041000700089100003200096245005700128250001100185260002800196300001200224500097400236650006001210700003401270b6868-49350 IT-MiCISF161014s9999||||xx |||||||||||||| ||und|| aIT-MiCISFcIT-MiCISF ait aCerrocchi Laura (a cura di) 0aCulture migrantibLuoghi fisici e mentali d'incontro a1a ed. a TrentobEricksonc2011 app. 390 aBartolini Bussi M.G., Bernardoni R., Casadei R., Casasanta G., Corsini V., Cuilleari M., D'Anna A., Di Rienzo A., Dondi E., Gariboldi A., Giribaldi V., Grassi M., Grossi R., Imovilli G., Lana R., Magnani F., Maiocco M., Malpeli G., Marzani E.... / educazione, società-multiculturale, pedagogia, diritti-bambino, servizi-infanzia, bambini-immigrati, integrazione, scuola, esperienze / Il volume affronta, in chiave interdisciplinare e multiprofessionale, i grandi temi delle differenze, delle identità e delle appartenenze culturali di singoli soggetti e gruppi storici, evidenziando come le culture siano fenomeni plurali e meticciati sistemici in continuo movimento, attraversati da tensioni, relazioni e scambi reciproci. Questo libro insiste sulla multidimensionalità della formazione, inerendone - nell'ottica dell'educazione per tutta la vita attraverso il sistema formativo integrato e la rete di servizi - le prospettive di una progettualità pedagogica.  a Genitorialità e problemi educativi / educazionee004 aContini Annamaria (a cura di)